00693nam a2200265Ia 4500008004100000020001600041100001800057245004200075245004900117260001500166260002000181260000900201300002600210300002700236300001100263440002000274440001300294650001700307650001300324650001600337650002200353650002200375650002200397700000800419160803s9999 xx 000 0 und d a0 590478796 aSlater, Teddy aWho's afraid of the big, bad bully? / cby Teddy Slater ; illustrated by Pat Porter. aNew York : bScholastic Inc. c1995 a1 volume (unpaged) :  bcolor illustrations ;  c23 cm. aHello reader! ; vLevel 3. aBullying --  aDogs --  aSchools --  xJuvenile fiction. xJuvenile fiction. xJuvenile fiction. a480